header

The passion conversation (Record no. 34961)

MARC details
000 -LEADER
fixed length control field 01290nam a2200325 a 4500
082 04 - DEWEY DECIMAL CLASSIFICATION NUMBER
Classification number 658.8/72
245 04 - TITLE STATEMENT
Title The passion conversation
260 ## - PUBLICATION, DISTRIBUTION, ETC. (IMPRINT)
Place of publication Hoboken, N.J. :
Name of publisher John Wiley & Sons, Inc.,
Year of publication 2013.
300 ## - PHYSICAL DESCRIPTION
Number of Pages xii, 212 p. :
Other physical details ill.
650 #0 - SUBJECT ADDED ENTRY--TOPICAL TERM
Topical Term Word-of-mouth advertising.
Topical Term Business referrals.
Topical Term Marketing.
700 1# - ADDED ENTRY--PERSONAL NAME
Personal name Phillips, Robbin.
856 40 - ELECTRONIC LOCATION AND ACCESS
Uniform Resource Identifier http://site.ebrary.com/lib/rucke/Doc?id=10747442

No items available.

© 2026 Rongo University
Contact us: librarian | system librarian | Rongo university